Diagnostika nádorových ochorení stanovením zmien glykánov
Gespeichert in:
| 1. Verfasser: | |
|---|---|
| Weitere Verfasser: | |
| Format: | Manuskript Buch |
| Sprache: | Slowakisch |
| Veröffentlicht: |
2025
|
| Schlagworte: | |
| Online-Zugang: | http://is.stuba.sk/zp/portal_zp.pl?podrobnosti=171832 |
| Tags: |
Keine Tags, Fügen Sie das erste Tag hinzu!
|
MARC
| LEADER | 00000ntm a22000003a 4500 | ||
|---|---|---|---|
| 001 | stuzp86781 | ||
| 003 | SK-STU | ||
| 005 | 20250830210406.9 | ||
| 007 | ta | ||
| 008 | 150427s2015----xo-----f-mn---000-0-slo-d | ||
| 040 | |a STU |b slo | ||
| 041 | 0 | |a slo | |
| 100 | 1 | |a Solovicová, Veronika |u 044000 |4 aut |U FCHPT Fakulta chemickej a potravinárskej technológie |T FCHPT Ústav biotechnológie |X 76260 |U C4000 |Y 102 |7 76260 | |
| 242 | 0 | 1 | |a Cancer diagnostics based on glycan changes |y eng |
| 245 | 1 | 0 | |a Diagnostika nádorových ochorení stanovením zmien glykánov |
| 260 | |c 2025 | ||
| 650 | 4 | |a diagnostika rakoviny |2 slo | |
| 650 | 4 | |a magnetické častice |2 slo | |
| 650 | 4 | |a afinitné zachytenie |2 slo | |
| 650 | 4 | |a biomarkery |2 slo | |
| 650 | 4 | |a glykomika |2 slo | |
| 650 | 4 | |a extracelulárne vezikuly |2 slo | |
| 650 | 4 | |a glycomics |2 eng | |
| 650 | 4 | |a biomarkers |2 eng | |
| 650 | 4 | |a extracellular vesicles |2 eng | |
| 650 | 4 | |a cancer diagnostics |2 eng | |
| 650 | 4 | |a magnetic particles |2 eng | |
| 650 | 4 | |a affinity capture |2 eng | |
| 700 | 1 | |a Tkáč, Ján |4 ths |X 62063 |7 A000062063 | |
| 856 | 4 | |u http://is.stuba.sk/zp/portal_zp.pl?podrobnosti=171832 | |